[Event "NATO Chess Championship 2010"]
[Site "Koege"]
[Date "2010.10.18"]
[Round "1.1"]
[White "Schenk, Andreas"]
[Black "Jose, Franco"]
[Result "1-0"]
[WhiteElo "2519"]
[BlackElo "2066"]
[PlyCount "83"]
[EventDate "2010.??.??"]
[WhiteTeam "GER"]
[BlackTeam "USA"]

1. d4 Nf6 2. c4 g6 3. Nc3 Bg7 4. e4 d6 5. Nf3 O-O 6. Be2 e5 7. Be3 Nc6 8. d5
Ne7 9. Nd2 Nd7 10. b4 f5 11. f3 f4 12. Bf2 Nf6 13. c5 g5 14. Rc1 Ng6 15. cxd6
cxd6 16. Nb5 Ne8 17. Nxa7 Bd7 18. a4 g4 19. fxg4 f3 20. gxf3 Bxg4 21. Rg1 Bh3
22. Nb5 Nf4 23. Qb3 Kh8 24. Kd1 Bh6 25. Rc3 Rg8 26. Rg3 Bg2 27. Nc4 Nh5 28.
Rxg8+ Kxg8 29. Kc2 Nf4 30. Bd1 Bf1 31. Kb2 Qg5 32. Ne3 Bxb5 33. axb5 Ng2 34.
Nf5 Qd2+ 35. Qc2 Qxc2+ 36. Rxc2 Bf4 37. b6 Kf7 38. Rc7+ Nxc7 39. bxc7 Ke8 40.
Ba4+ Kf8 41. Bd7 Bxh2 42. Ba7 1-0

[Event "NATO Chess Championship 2010"]
[Site "Koege"]
[Date "2010.10.18"]
[Round "1.3"]
[White "Helbig, Mark"]
[Black "Szczesniak, Andrzej"]
[Result "1/2-1/2"]
[WhiteElo "2366"]
[BlackElo "2053"]
[PlyCount "82"]
[EventDate "2010.??.??"]
[WhiteTeam "GER"]
[BlackTeam "POL"]

1. d4 Nf6 2. c4 e5 3. dxe5 Ng4 4. Bf4 g5 5. Bg3 Bg7 6. Nf3 Nc6 7. Nbd2 Ngxe5 8.
Nxe5 Nxe5 9. e4 d6 10. Be2 Be6 11. Qc2 h5 12. O-O-O Ng6 13. h3 h4 14. Bh2 Qf6
15. Bf3 Ne5 16. Bxe5 Qxe5 17. Rhe1 b5 18. Re2 Rb8 19. Bg4 Bxc4 20. Nxc4 bxc4
21. Qa4+ Qb5 22. Qxb5+ Rxb5 23. Rd5 Rxd5 24. exd5+ Kd8 25. Kc2 Re8 26. Rxe8+
Kxe8 27. Be2 Bd4 28. f4 gxf4 29. Bxc4 f3 30. gxf3 Ke7 31. b4 Kf6 32. Kd3 Bf2
33. Ke4 Be1 34. a3 Bc3 35. Ba6 Bb2 36. a4 Ba3 37. b5 Bc1 38. Bc8 Bd2 39. f4 Be1
40. Bg4 Bd2 41. Bd1 Kg6 1/2-1/2

[Event "NATO Chess Championship 2010"]
[Site "Koege"]
[Date "2010.10.18"]
[Round "1.4"]
[White "Cheung, Jan"]
[Black "Wantiez, Fabrice"]
[Result "0-1"]
[WhiteElo "2030"]
[BlackElo "2327"]
[PlyCount "54"]
[EventDate "2010.??.??"]
[WhiteTeam "NED"]
[BlackTeam "BEL"]

1. e4 e5 2. Nf3 Nc6 3. Bb5 Nge7 4. d4 exd4 5. Nxd4 g6 6. Nc3 Bg7 7. Be3 a6 8.
Ba4 O-O 9. O-O Na5 10. Nde2 Nc4 11. Bc1 d6 12. Bb3 Na5 13. Bg5 Nxb3 14. axb3
Qe8 15. Qd2 f5 16. Ng3 fxe4 17. Rae1 Nc6 18. Rxe4 Qf7 19. Nd5 Bf5 20. Ne7+ Kh8
21. Nexf5 gxf5 22. Rf4 Qg6 23. Rh4 Ne5 24. Rb4 b5 25. Rh4 Rae8 26. Nh5 f4 27.
Nxg7 Qxg5 0-1

[Event "NATO Chess Championship 2010"]
[Site "Koege"]
[Date "2010.10.18"]
[Round "1.6"]
[White "Demjén, Attila"]
[Black "Sypien, Mateusz"]
[Result "0-1"]
[WhiteElo "2026"]
[BlackElo "2265"]
[PlyCount "104"]
[EventDate "2010.??.??"]
[WhiteTeam "HUN"]
[BlackTeam "POL"]

1. e4 c5 2. c3 d5 3. exd5 Qxd5 4. d4 Nc6 5. Nf3 Bg4 6. Be2 Nf6 7. O-O e6 8. Be3
cxd4 9. cxd4 Be7 10. Nc3 Qa5 11. h3 Bh5 12. Qb3 Qb4 13. Qxb4 Nxb4 14. Rac1 O-O
15. a3 Nc6 16. g4 Bg6 17. Ne5 Rac8 18. Nxg6 hxg6 19. Bf3 Rfd8 20. Rfd1 Na5 21.
Nb5 a6 22. Rxc8 Rxc8 23. Na7 Ra8 24. d5 Nc4 25. d6 Bxd6 26. Bxb7 Nxe3 27. Bxa8
Nxd1 28. b4 Bc7 29. Nc6 Nb2 30. Bb7 Nc4 31. Bxa6 Nxa3 32. Ne7+ Kf8 33. Nc8 Nd5
34. b5 Ke8 35. Kf1 Kd7 36. Na7 Bb6 37. Nc6 Nc3 38. Ne5+ Ke7 39. Nc6+ Ke8 40.
Nb4 Naxb5 41. Nd3 Bd4 42. Bb7 Nd6 43. Bc6+ Ke7 44. f3 Nc4 45. Nc1 Ne3+ 46. Ke1
Ncd5 47. Ne2 Bb6 48. Kd2 Ba5+ 49. Kc1 Ng2 50. Nd4 Bb6 51. Ne2 Ndf4 52. Nxf4
Nxf4 0-1

[Event "NATO Chess Championship 2010"]
[Site "Koege"]
[Date "2010.10.18"]
[Round "1.7"]
[White "Goksel, Doga Cihan"]
[Black "Adkins, James"]
[Result "1-0"]
[WhiteElo "2264"]
[BlackElo "2022"]
[PlyCount "73"]
[EventDate "2010.??.??"]
[WhiteTeam "TUR"]
[BlackTeam "USA"]

1. Nf3 g6 2. d4 Nf6 3. c4 Bg7 4. g3 O-O 5. Bg2 d6 6. O-O Nc6 7. Nc3 Bg4 8. h3
Bxf3 9. Bxf3 Nd7 10. e3 e5 11. Ne2 f5 12. Bg2 e4 13. Nf4 Nf6 14. Ne6 Qe7 15.
Nxf8 Rxf8 16. Bd2 g5 17. b4 Qf7 18. Rc1 h5 19. b5 Ne7 20. f3 Qg6 21. fxe4 f4
22. gxf4 gxf4 23. Rxf4 Bh6 24. Qf3 Bxf4 25. exf4 Nh7 26. Rf1 Qf7 27. d5 Nf6 28.
Bc3 Nd7 29. Kh2 Kh7 30. e5 Nc5 31. e6 Qg6 32. Bd4 Kh6 33. Rg1 Qf5 34. Bf1 Qxf4+
35. Qxf4+ Rxf4 36. Be3 Ng6 37. Bxf4+ 1-0

[Event "NATO Chess Championship 2010"]
[Site "Koege"]
[Date "2010.10.18"]
[Round "1.8"]
[White "Kuzminaite, Ieva"]
[Black "Marti, György"]
[Result "1/2-1/2"]
[WhiteElo "2016"]
[BlackElo "2225"]
[PlyCount "74"]
[EventDate "2010.??.??"]
[WhiteTeam "LTU"]
[BlackTeam "HUN"]

1. d4 Nf6 2. g3 g6 3. Bg2 Bg7 4. Nf3 O-O 5. O-O d6 6. Nbd2 c6 7. e4 Qc7 8. e5
dxe5 9. Nxe5 Nbd7 10. Ndf3 Nxe5 11. Nxe5 Be6 12. Qe2 Rad8 13. c3 Nd7 14. Nxd7
Rxd7 15. Bf4 Qa5 16. Rfe1 Rfd8 17. Be5 Bxe5 18. Qxe5 Qxe5 19. Rxe5 Kf8 20. f4
Bd5 21. Bxd5 cxd5 22. Rf1 e6 23. g4 Ke7 24. f5 Rd6 25. fxe6 f6 26. Re3 Ra6 27.
Rh3 Rh8 28. a3 Rxe6 29. Kf2 Kf7 30. Rf3 Rhe8 31. Kg3 Re3 32. Rxe3 Rxe3+ 33. Rf3
Re2 34. Rf2 Rxf2 35. Kxf2 Ke6 36. Kf3 f5 37. g5 Kd6 1/2-1/2

[Event "NATO Chess Championship 2010"]
[Site "Koege"]
[Date "2010.10.18"]
[Round "1.9"]
[White "Ozkan, Ervin"]
[Black "Koopmeiners, Karl"]
[Result "1-0"]
[WhiteElo "2220"]
[BlackElo "2011"]
[PlyCount "60"]
[EventDate "2010.??.??"]
[WhiteTeam "TUR"]
[BlackTeam "NATO"]

1. d4 d5 2. Bf4 c5 3. c3 Nc6 4. e3 Nf6 5. Nd2 Bf5 6. Ngf3 e6 7. Qb3 Qc8 8. h3
h6 9. Be2 c4 10. Qd1 Be7 11. a4 O-O 12. O-O Ne4 13. Nxe4 Bxe4 14. Nd2 Bg6 15.
e4 Qd8 16. Bf3 Bg5 17. Bxg5 Qxg5 18. Re1 Rfe8 19. h4 Qxh4 20. exd5 exd5 21.
Bxd5 Bh5 22. Qc2 Na5 23. Qf5 Qg5 24. Qxg5 hxg5 25. Nxc4 Nxc4 26. Bxc4 Rxe1+ 27.
Rxe1 Kf8 28. Re5 f6 29. Rc5 Be8 30. Rc7 a6 1-0

[Event "NATO Chess Championship 2010"]
[Site "Koege"]
[Date "2010.10.18"]
[Round "1.10"]
[White "Daler, Neset"]
[Black "Rosenkilde, Alexander"]
[Result "1-0"]
[WhiteElo "2013"]
[BlackElo "2206"]
[PlyCount "77"]
[EventDate "2010.??.??"]
[WhiteTeam "TUR"]
[BlackTeam "DEN"]

1. c4 Nf6 2. Nc3 e6 3. Nf3 Bb4 4. e3 O-O 5. Be2 b6 6. O-O Bb7 7. d3 d5 8. cxd5
exd5 9. a3 Bd6 10. b4 c5 11. bxc5 bxc5 12. Rb1 Bc8 13. Nb5 Be7 14. d4 c4 15.
Ne5 Bf5 16. Ra1 Qa5 17. a4 a6 18. Bd2 Qb6 19. Nc3 Nc6 20. g4 Be6 21. Rb1 Qc7
22. f4 Rfd8 23. Bf3 Ra7 24. Qe2 Ne8 25. f5 Bc8 26. Nxd5 Rxd5 27. Bxd5 Nxe5 28.
dxe5 Qxe5 29. e4 c3 30. Bf4 Qf6 31. g5 Bc5+ 32. Kh1 Qe7 33. g6 hxg6 34. fxg6
Nf6 35. gxf7+ Kh7 36. Bg5 Qe5 37. Bxf6 gxf6 38. Qg2 c2 39. Rbc1 1-0

[Event "NATO Chess Championship 2010"]
[Site "Koege"]
[Date "2010.10.18"]
[Round "1.11"]
[White "Andersen, Hans-Christoph"]
[Black "Nielsen, Henrik Lindholt"]
[Result "1-0"]
[WhiteElo "2205"]
[BlackElo "2008"]
[PlyCount "133"]
[EventDate "2010.??.??"]
[WhiteTeam "GER"]
[BlackTeam "DEN"]

1. d4 Nf6 2. c4 g6 3. Nc3 d5 4. cxd5 Nxd5 5. e4 Nxc3 6. bxc3 Bg7 7. Nf3 c5 8.
Be3 O-O 9. Rc1 Qa5 10. Qd2 Nc6 11. d5 Rd8 12. Be2 Bg4 13. O-O Rac8 14. Qb2 Bxf3
15. gxf3 Ne5 16. Qxb7 Qxa2 17. Rfe1 Nd7 18. f4 h5 19. Bf3 Rb8 20. Qc6 a5 21.
Qa6 a4 22. Ra1 Qb2 23. Rxa4 Bxc3 24. Rd1 Qc2 25. Ra2 Qb3 26. Ra3 Qb4 27. Ra4
Qb3 28. Ra3 Qb4 29. Ra4 Qb3 30. Qc4 Qxc4 31. Rxc4 Bb4 32. Rc2 Rdc8 33. Be2 Nb6
34. Rdc1 Na4 35. Ba6 Rd8 36. Bc4 Nb6 37. Be2 Nd7 38. Ra1 Ra8 39. Rca2 Rab8 40.
Ra7 Kf8 41. Rc7 Rbc8 42. Raa7 Rxc7 43. Rxc7 Nf6 44. Bf3 Ne8 45. Rc6 Ra8 46. e5
Ng7 47. Be4 Ke8 48. Rc7 Rd8 49. Kg2 Ba5 50. Rc6 Bb4 51. Kf3 Ba3 52. Kg3 Bb4 53.
Kh4 Rb8 54. Kg5 Kd7 55. e6+ fxe6 56. Kxg6 Bc3 57. Bxc5 h4 58. Ba7 Rb3 59. Ra6
exd5 60. Bxd5 Rb1 61. Bc5 h3 62. Ra7+ Kc8 63. Rxe7 Rg1+ 64. Kf7 Nh5 65. Be6+
Kb8 66. Bd6+ Ka8 67. Bd5# 1-0

[Event "NATO Chess Championship 2010"]
[Site "Koege"]
[Date "2010.10.18"]
[Round "1.12"]
[White "Christen, Pierre"]
[Black "Mestek, Igor"]
[Result "1/2-1/2"]
[WhiteElo "2007"]
[BlackElo "2199"]
[PlyCount "32"]
[EventDate "2010.??.??"]
[WhiteTeam "LUX"]
[BlackTeam "SLO"]

1. Nf3 b5 2. e3 a6 3. a4 b4 4. c3 e6 5. d4 Nf6 6. Bd3 Bb7 7. O-O c5 8. Re1 Qc7
9. Nbd2 d6 10. cxb4 cxb4 11. e4 Nbd7 12. b3 Qc3 13. Rb1 d5 14. Bb2 Qc7 15. e5
Ng8 16. Rc1 Qd8 1/2-1/2

[Event "NATO Chess Championship 2010"]
[Site "Koege"]
[Date "2010.10.18"]
[Round "1.13"]
[White "Giua, Frédéric"]
[Black "Geröly, József"]
[Result "1-0"]
[WhiteElo "2188"]
[BlackElo "1982"]
[PlyCount "87"]
[EventDate "2010.??.??"]
[WhiteTeam "FRA"]
[BlackTeam "HUN"]

1. Nf3 d5 2. c4 c6 3. d4 dxc4 4. a4 b5 5. e3 a6 6. b3 cxb3 7. axb5 Qb6 8. Qxb3
Bb7 9. Ne5 e6 10. Nc4 Qd8 11. bxc6 Bxc6 12. Na5 Qd5 13. Qb2 Nf6 14. Nc3 Qd7 15.
Nxc6 Nxc6 16. Rxa6 Rxa6 17. Bxa6 Bd6 18. O-O O-O 19. Qb7 Qxb7 20. Bxb7 Na5 21.
Bf3 Bb4 22. Na2 Be7 23. Bd2 Nc4 24. Bb4 Bxb4 25. Nxb4 Nd2 26. Ra1 Nxf3+ 27.
gxf3 Rd8 28. Ra7 Kf8 29. Nd3 Re8 30. Kf1 Re7 31. Ra8+ Ne8 32. Ke2 f6 33. e4 Kf7
34. Nc5 Nd6 35. Kd3 h6 36. Ra6 Nb7 37. Kc4 Rc7 38. Kb5 Nd8 39. Rd6 Nb7 40. Rb6
Nd8 41. Rb8 Ke7 42. Rxd8 Rxc5+ 43. Kxc5 Kxd8 44. Kd6 1-0

[Event "NATO Chess Championship 2010"]
[Site "Koege"]
[Date "2010.10.18"]
[Round "1.14"]
[White "Parisse, Denis"]
[Black "van Rijn, Wouter"]
[Result "0-1"]
[WhiteElo "1960"]
[BlackElo "2179"]
[PlyCount "86"]
[EventDate "2010.??.??"]
[WhiteTeam "NATO"]
[BlackTeam "NED"]

1. e4 c5 2. f4 d6 3. Nf3 Nc6 4. c3 Nf6 5. d3 g6 6. Be2 Bg7 7. O-O c4 8. e5 dxe5
9. fxe5 cxd3 10. exf6 Qb6+ 11. Kh1 dxe2 12. fxg7 exf1=Q+ 13. Qxf1 Rg8 14. Bh6
Bf5 15. Nbd2 O-O-O 16. Nc4 Qa6 17. Nfd2 f6 18. Qf4 e5 19. Qf2 Qb5 20. b3 Qd5
21. Rf1 Bd3 22. Re1 f5 23. Bg5 Rxg7 24. Bxd8 Kxd8 25. Qh4+ Re7 26. Qf6 e4 27.
Nd6 Kc7 28. N2c4 b5 29. Nxb5+ Qxb5 30. Qd6+ Kb7 31. Qxe7+ Nxe7 32. Nd6+ Kc6 33.
Nxb5 Kxb5 34. Kg1 f4 35. Kf2 g5 36. g3 f3 37. g4 Kc5 38. Rh1 Ng6 39. h3 Nh4 40.
Ke3 Ng2+ 41. Kf2 Be2 42. Rc1 e3+ 43. Kg1 Nf4 0-1

[Event "NATO Chess Championship 2010"]
[Site "Koege"]
[Date "2010.10.18"]
[Round "1.15"]
[White "Schott, Guido"]
[Black "Steffers, Hendrik"]
[Result "1-0"]
[WhiteElo "2174"]
[BlackElo "1960"]
[PlyCount "91"]
[EventDate "2010.??.??"]
[WhiteTeam "GER"]
[BlackTeam "NATO"]

1. c4 e5 2. Nc3 Nf6 3. g3 d5 4. cxd5 Nxd5 5. Bg2 c6 6. Nf3 Nxc3 7. bxc3 Bd6 8.
O-O O-O 9. d4 Nd7 10. Qc2 exd4 11. cxd4 f5 12. Ng5 Qe8 13. e4 Nb6 14. a4 h6 15.
a5 Nd7 16. Qb3+ Kh8 17. Ne6 Rf7 18. exf5 Rxf5 19. Bf4 Bxf4 20. Nxf4 Nf6 21.
Rfe1 Qd8 22. a6 Rb5 23. Qf7 Qg8 24. Qc7 Ne8 25. Qd8 Nf6 26. Ng6+ Kh7 27. Nf8+
Kh8 28. Re7 bxa6 29. Bxc6 Bb7 30. Ng6+ Kh7 31. Qxg8+ Nxg8 32. Rxb7 Rxb7 33.
Bxb7 Rd8 34. Rxa6 Rxd4 35. Nf8+ Kh8 36. Rxa7 Nf6 37. Ra8 Rd1+ 38. Kg2 g5 39.
Ne6+ Kh7 40. Rf8 Kg6 41. h3 Rd2 42. Rd8 Rb2 43. Bf3 h5 44. Rd6 Kf7 45. Nxg5+
Ke7 46. Re6+ 1-0

[Event "NATO Chess Championship 2010"]
[Site "Koege"]
[Date "2010.10.18"]
[Round "1.16"]
[White "Engelen, Johan"]
[Black "Skindzier, Saturnin"]
[Result "1/2-1/2"]
[WhiteElo "1958"]
[BlackElo "2173"]
[PlyCount "53"]
[EventDate "2010.??.??"]
[WhiteTeam "NED"]
[BlackTeam "POL"]

1. c4 Nf6 2. g3 c5 3. Bg2 d5 4. cxd5 Nxd5 5. Nf3 Nc6 6. O-O e5 7. d3 Be7 8. Nc3
Be6 9. Bd2 O-O 10. Rc1 Rc8 11. b3 f6 12. Ne1 Nd4 13. e3 Nc6 14. Ne2 Qd7 15. f4
Rfd8 16. f5 Bf7 17. a3 Nb6 18. Rc3 Na5 19. d4 c4 20. b4 Nb3 21. Nf3 Bd5 22. Qc2
Qc6 23. g4 Na4 24. Be1 b5 25. dxe5 Be4 26. Nfd4 Bxc2 27. Nxc6 1/2-1/2

[Event "NATO Chess Championship 2010"]
[Site "Koege"]
[Date "2010.10.18"]
[Round "1.17"]
[White "Jauk, Wilhelm"]
[Black "Rockhill, Nathaniel"]
[Result "1/2-1/2"]
[WhiteElo "2168"]
[BlackElo "1951"]
[PlyCount "83"]
[EventDate "2010.??.??"]
[WhiteTeam "GER"]
[BlackTeam "USA"]

1. d4 Nc6 2. Nf3 d6 3. Bg5 h6 4. Bh4 Bg4 5. Nbd2 Qd7 6. c3 e5 7. d5 Nce7 8.
Bxe7 Nxe7 9. e4 f5 10. Qb3 c6 11. Bc4 f4 12. Nh4 O-O-O 13. h3 Bh5 14. dxc6 Qxc6
15. O-O Kb8 16. Nf5 g5 17. Nxe7 Bxe7 18. Bd5 Qa6 19. f3 Be8 20. a4 h5 21. Nc4
Bc6 22. Rfd1 Rh6 23. Qb4 g4 24. hxg4 hxg4 25. fxg4 Rdh8 26. Kf2 Kc7 27. Bxc6
bxc6 28. Qa5+ Qxa5 29. Nxa5 Rh4 30. Rd2 Rxg4 31. Rad1 Rhg8 32. Kf1 f3 33. gxf3
Rg1+ 34. Ke2 R8g2+ 35. Kd3 Rxd1 36. Rxd1 Rf2 37. Nc4 Rxf3+ 38. Kc2 Rf4 39. Re1
Bf6 40. Kb3 Kd7 41. Re2 Ke6 42. Na5 1/2-1/2

[Event "NATO Chess Championship 2010"]
[Site "Koege"]
[Date "2010.10.18"]
[Round "1.18"]
[White "Harwood, Duncan"]
[Black "Alaslar, Devrim"]
[Result "1/2-1/2"]
[WhiteElo "1939"]
[BlackElo "2167"]
[PlyCount "94"]
[EventDate "2010.??.??"]
[WhiteTeam "UK"]
[BlackTeam "TUR"]

1. e4 c5 2. Nf3 g6 3. d4 Bg7 4. c3 cxd4 5. cxd4 d5 6. exd5 Nf6 7. Bb5+ Nbd7 8.
d6 exd6 9. O-O O-O 10. a4 Nb6 11. a5 Nbd5 12. Qb3 Bd7 13. Bc4 Bc6 14. Bg5 Rb8
15. Nbd2 h6 16. Bh4 g5 17. Bg3 Re8 18. Qa3 Bf8 19. Qb3 Qd7 20. h4 g4 21. Nh2 b6
22. a6 b5 23. Bd3 Bg7 24. Qa3 Rbd8 25. Bb1 b4 26. Qd3 Bb5 27. Nc4 Qc6 28. b3
Nc3 29. Qd2 Bxc4 30. bxc4 Qxc4 31. Bd3 Qc6 32. Bf4 h5 33. Bh6 Nfe4 34. Qf4 d5
35. Bxg7 Kxg7 36. f3 gxf3 37. Nxf3 Qf6 38. Qxf6+ Nxf6 39. Ne5 Rd6 40. Rf5 Nce4
41. Kh2 Ng4+ 42. Kg1 Nxe5 43. dxe5 Rde6 44. Rb1 Rxe5 45. Rxe5 Rxe5 46. Rxb4 Nc5
47. Bf1 Re6 1/2-1/2

[Event "NATO Chess Championship 2010"]
[Site "Koege"]
[Date "2010.10.18"]
[Round "1.19"]
[White "Nielsen, Rene Ole"]
[Black "Pirs, Matjaz"]
[Result "1/2-1/2"]
[WhiteElo "2158"]
[BlackElo "1934"]
[PlyCount "53"]
[EventDate "2010.??.??"]
[WhiteTeam "DEN"]
[BlackTeam "SLO"]

1. e4 d5 2. exd5 Nf6 3. d4 Nxd5 4. c4 Nb6 5. Nf3 Bg4 6. Be2 e6 7. Be3 Be7 8.
Nc3 Bf6 9. Ne4 Be7 10. O-O Nc6 11. Rc1 Bf5 12. Ng3 Bg6 13. d5 exd5 14. Bxb6
axb6 15. cxd5 Na7 16. Ne5 O-O 17. Nxg6 hxg6 18. Ne4 Nc8 19. a3 Nd6 20. Nc3 Bf6
21. Qc2 Re8 22. Bf3 Qd7 23. Rfe1 Rxe1+ 24. Rxe1 Re8 25. Rxe8+ Qxe8 26. Kf1 Qe5
27. g3 1/2-1/2

[Event "NATO Chess Championship 2010"]
[Site "Koege"]
[Date "2010.10.18"]
[Round "1.20"]
[White "Bublys, Vaidotas"]
[Black "Bieluszewski, Piotr"]
[Result "0-1"]
[WhiteElo "1930"]
[BlackElo "2153"]
[PlyCount "66"]
[EventDate "2010.??.??"]
[WhiteTeam "LTU"]
[BlackTeam "POL"]

1. d4 d5 2. c4 e6 3. Nc3 Nf6 4. Bg5 Nbd7 5. e3 c6 6. Nf3 Qa5 7. Nd2 Bb4 8. Qc2
O-O 9. a3 Ne4 10. Ndxe4 dxe4 11. Bf4 Bxc3+ 12. Qxc3 Qf5 13. Be2 Re8 14. b4 e5
15. Bg3 exd4 16. Qxd4 Nf8 17. O-O Be6 18. Rad1 Qg6 19. c5 a6 20. Rd2 Bd5 21.
Bc4 Rad8 22. Bd6 Ne6 23. Qc3 Bxc4 24. Qxc4 h5 25. Rfd1 h4 26. h3 Ng5 27. Kf1
Nh7 28. Bf4 Rxd2 29. Rxd2 Nf6 30. Rd6 Qf5 31. Qd4 Nd5 32. Bh2 Kh7 33. Qd1 Nxe3+
0-1

[Event "NATO Chess Championship 2010"]
[Site "Koege"]
[Date "2010.10.18"]
[Round "1.21"]
[White "Olteán, Gusztáv"]
[Black "De Cat, Ben"]
[Result "1-0"]
[WhiteElo "2152"]
[BlackElo "1927"]
[PlyCount "73"]
[EventDate "2010.??.??"]
[WhiteTeam "HUN"]
[BlackTeam "BEL"]

1. c4 Nf6 2. g3 d6 3. Bg2 e5 4. Nc3 c6 5. d4 Nbd7 6. e3 Be7 7. Nge2 g5 8. b3
Qc7 9. Bb2 g4 10. h3 gxh3 11. Bxh3 Nf8 12. Bxc8 Qxc8 13. Qc2 Qe6 14. dxe5 dxe5
15. O-O-O Rd8 16. Ne4 Nxe4 17. Qxe4 Rxd1+ 18. Rxd1 Nd7 19. Nf4 Nc5 20. Qxe5
Qxe5 21. Bxe5 f6 22. Bb2 Ne4 23. Nd3 Kf7 24. Rh1 b5 25. cxb5 cxb5 26. Rh5 a6
27. Kb1 Bd6 28. g4 h6 29. Rf5 Be7 30. Ne5+ Kg7 31. Nc6 Bd8 32. f3 Ng3 33. Rd5
Bb6 34. Rd7+ Kg6 35. Ne7+ Kg5 36. Nd5 Re8 37. Bxf6+ 1-0

[Event "NATO Chess Championship 2010"]
[Site "Koege"]
[Date "2010.10.18"]
[Round "1.22"]
[White "Kaygisiz, Ozgur Can"]
[Black "Redman, Michael"]
[Result "1/2-1/2"]
[WhiteElo "1892"]
[BlackElo "2152"]
[PlyCount "53"]
[EventDate "2010.??.??"]
[WhiteTeam "TUR"]
[BlackTeam "UK"]

1. e4 c5 2. Nf3 d6 3. d4 cxd4 4. Nxd4 Nf6 5. Nc3 a6 6. Be2 e6 7. Be3 Be7 8. Qd2
b5 9. a3 Bb7 10. f3 Nbd7 11. g4 h6 12. O-O-O d5 13. exd5 Nxd5 14. Nxd5 Bxd5 15.
Rhf1 Nb6 16. Qe1 Qc7 17. Kb1 Rc8 18. f4 Nc4 19. Bc1 b4 20. axb4 Qb7 21. Bf3 O-O
22. Bxd5 exd5 23. g5 Bxb4 24. Qg3 h5 25. g6 fxg6 26. Qxg6 Rf6 27. Qxh5 1/2-1/2

[Event "NATO Chess Championship 2010"]
[Site "Koege"]
[Date "2010.10.18"]
[Round "1.23"]
[White "Nilsson, Erik"]
[Black "Kruit, Erik"]
[Result "1/2-1/2"]
[WhiteElo "2149"]
[BlackElo "1887"]
[PlyCount "52"]
[EventDate "2010.??.??"]
[WhiteTeam "DEN"]
[BlackTeam "NED"]

1. d4 Nf6 2. c4 e5 3. dxe5 Ne4 4. a3 Nc6 5. Nf3 d6 6. Qc2 Bf5 7. Nc3 Ng3 8. e4
Bxe4 9. Nxe4 Nxh1 10. Bg5 Be7 11. O-O-O Bxg5+ 12. Nexg5 Nxe5 13. Bd3 Nxf2 14.
Qxf2 Qf6 15. Qe3 O-O-O 16. Ne4 Ng4 17. Qxa7 Qf4+ 18. Rd2 Rhe8 19. Nc3 Ne5 20.
Qd4 Qxd4 21. Nxd4 g6 22. h3 f5 23. Kc2 Rd7 24. Nd5 Rf7 25. Rf2 c6 26. Nc3 h6
1/2-1/2

[Event "NATO Chess Championship 2010"]
[Site "Koege"]
[Date "2010.10.18"]
[Round "1.24"]
[White "Kocur, Marc"]
[Black "Lazar, Ales"]
[Result "0-1"]
[WhiteElo "1880"]
[BlackElo "2146"]
[PlyCount "96"]
[EventDate "2010.??.??"]
[WhiteTeam "BEL"]
[BlackTeam "SLO"]

1. Nf3 d5 2. c4 c6 3. g3 Nf6 4. Bg2 Bf5 5. b3 e6 6. O-O Be7 7. Bb2 O-O 8. d3
Nbd7 9. Nbd2 Nc5 10. Qc2 a5 11. Rfe1 Bg6 12. Ne5 Qb6 13. e4 dxe4 14. Nxg6 hxg6
15. Nxe4 Nfxe4 16. dxe4 Rfd8 17. Rad1 Na6 18. Bc3 Bb4 19. e5 Rxd1 20. Rxd1 Rd8
21. Rxd8+ Qxd8 22. Bb2 Bc5 23. Bc3 Bb4 24. Bb2 Qd7 25. Kf1 Bc5 26. Bc3 Nb4 27.
Bxb4 axb4 28. Qe2 Qd4 29. Bh3 Qa1+ 30. Kg2 Bd4 31. Bxe6 fxe6 32. Qg4 Kf7 33.
Qf4+ Ke8 34. Qg4 Ke7 35. Qg5+ Kd7 36. Qxg6 Bxe5 37. Qf7+ Kc8 38. Qxe6+ Kb8 39.
Qe8+ Ka7 40. Qd8 Qxa2 41. c5 Qa6 42. Kh3 Qb5 43. f4 Bf6 44. Qd6 Qf1+ 45. Kg4
Qe2+ 46. Kf5 Qc2+ 47. Ke6 Qxb3+ 48. Kd7 Qd5 0-1

[Event "NATO Chess Championship 2010"]
[Site "Koege"]
[Date "2010.10.18"]
[Round "1.25"]
[White "Bucholtz, Robert"]
[Black "Morrison, Munroe"]
[Result "1-0"]
[WhiteElo "2139"]
[BlackElo "1861"]
[PlyCount "56"]
[EventDate "2010.??.??"]
[WhiteTeam "USA"]
[BlackTeam "UK"]

1. Nf3 d6 2. d4 Nd7 3. e4 c6 4. Bd3 e5 5. c3 Ngf6 6. O-O Be7 7. Re1 O-O 8. Nbd2
Re8 9. Nf1 Bf8 10. Ng3 g6 11. h3 Qc7 12. Be3 exd4 13. cxd4 c5 14. Rc1 b6 15.
Qb3 Bb7 16. Bf4 Qc8 17. Bc4 d5 18. exd5 Rxe1+ 19. Rxe1 Ba6 20. d6 Bxc4 21. Qxc4
b5 22. Qxb5 Nd5 23. Ne4 Rb8 24. Qc4 Nxf4 25. Neg5 Ne6 26. Rxe6 Nb6 27. Rxg6+
Kh8 28. Rg8+ Kxg8 1-0

[Event "NATO Chess Championship 2010"]
[Site "Koege"]
[Date "2010.10.18"]
[Round "1.26"]
[White "Voroblievas, Art�ras"]
[Black "Picart, Laurent"]
[Result "1/2-1/2"]
[WhiteElo "1859"]
[BlackElo "2139"]
[PlyCount "81"]
[EventDate "2010.??.??"]
[WhiteTeam "LTU"]
[BlackTeam "FRA"]

1. e4 c6 2. d4 d5 3. Nc3 dxe4 4. Nxe4 Bf5 5. Ng3 Bg6 6. h4 h6 7. Nf3 Nd7 8. h5
Bh7 9. Bd3 Bxd3 10. Qxd3 e6 11. Bf4 Qa5+ 12. Bd2 Qc7 13. Ne4 Ngf6 14. g3 Nxe4
15. Qxe4 Nf6 16. Qe2 O-O-O 17. O-O-O c5 18. Bf4 Bd6 19. Ne5 Nd5 20. dxc5 Nxf4
21. gxf4 Bxc5 22. Rhg1 Rxd1+ 23. Rxd1 Rd8 24. Rxd8+ Kxd8 25. Kb1 Ke7 26. Qg4
Qd6 27. a3 Kf8 28. Qf3 Qc7 29. Nd3 Bd6 30. Qe4 Kg8 31. Ne5 Bxe5 32. fxe5 Qc6
33. Qe2 Qh1+ 34. Ka2 Qd5+ 35. Kb1 b5 36. f4 a6 37. b3 Kh7 38. Ka2 g6 39. c4
bxc4 40. bxc4 Qd4 41. Qc2 1/2-1/2

[Event "NATO Chess Championship 2010"]
[Site "Koege"]
[Date "2010.10.18"]
[Round "1.27"]
[White "Kersic, Matej"]
[Black "Lefevre, Steve"]
[Result "1-0"]
[WhiteElo "2139"]
[BlackElo "1833"]
[PlyCount "117"]
[EventDate "2010.??.??"]
[WhiteTeam "SLO"]
[BlackTeam "NATO"]

1. e4 e5 2. Nf3 Nc6 3. d4 d6 4. dxe5 Nxe5 5. Nxe5 dxe5 6. Qxd8+ Kxd8 7. Bc4 Be6
8. Bxe6 fxe6 9. Be3 Nf6 10. f3 Bd6 11. Ke2 Ke7 12. Nd2 Rhd8 13. c4 b6 14. Rhc1
c5 15. a3 h6 16. Rcb1 Nd7 17. b4 Rac8 18. b5 Bc7 19. a4 Nb8 20. a5 Rd7 21. axb6
axb6 22. Ra7 Rcd8 23. Nb3 Bd6 24. Rba1 Rxa7 25. Rxa7+ Rd7 26. Ra1 Bc7 27. g3
Kf7 28. h4 h5 29. Bd2 Kg6 30. Bc3 Bd6 31. Nc1 Rf7 32. Nd3 Nd7 33. Ra7 Kh7 34.
Rb7 Kg8 35. Nf2 Kf8 36. Nd3 Kg8 37. Ra7 Kf8 38. Ra8+ Ke7 39. Bd2 Nf6 40. Bg5
Kd7 41. Bd2 Ke7 42. Bc3 Nd7 43. Ke3 Rf8 44. Ra7 Ke8 45. Ke2 Bb8 46. Ra8 Ke7 47.
Bd2 Nf6 48. Bg5 Rd8 49. f4 exf4 50. gxf4 Bc7 51. Rxd8 Kxd8 52. e5 Ke8 53. exf6
gxf6 54. Bxf6 Kf7 55. Be5 Bd8 56. Kf3 Kg6 57. Ke4 Bxh4 58. Nxc5 bxc5 59. b6 1-0

[Event "NATO Chess Championship 2010"]
[Site "Koege"]
[Date "2010.10.18"]
[Round "1.28"]
[White "Ross, Dave"]
[Black "Nielsen, Jan Mose"]
[Result "0-1"]
[WhiteElo "1800"]
[BlackElo "2127"]
[PlyCount "86"]
[EventDate "2010.??.??"]
[WhiteTeam "UK"]
[BlackTeam "DEN"]

1. e4 e5 2. Nf3 Nc6 3. c3 d5 4. Qa4 Nf6 5. d4 Bd7 6. Bb5 a6 7. Bxc6 Bxc6 8. Qb3
Nxe4 9. Nxe5 Qf6 10. Be3 Be7 11. Nd2 Nxd2 12. Bxd2 O-O-O 13. O-O-O Rd6 14. Rde1
Re8 15. Nxc6 bxc6 16. Qa3 Qg6 17. Bf4 Re6 18. Qxa6+ Kd7 19. Rxe6 Qxe6 20. Qb7
Bd6 21. Bd2 Qg4 22. g3 Re2 23. a4 Qe4 24. Rd1 Rxf2 25. Qb3 Rxh2 26. Re1 Rh1 27.
Rxh1 Qxh1+ 28. Kc2 Qe4+ 29. Kc1 Qh1+ 30. Kc2 Qe4+ 31. Kc1 Bxg3 32. a5 Qh1+ 33.
Kc2 Qe4+ 34. Kc1 Qh1+ 35. Kc2 Qf1 36. c4 Qxc4+ 37. Qxc4 dxc4 38. Bb4 Kc8 39.
Bc5 Kb7 40. b4 Ka6 41. Kc3 Kb5 42. a6 Kxa6 43. Kxc4 h5 0-1